000 00369nam a2200133Ia 4500
008 240624s9999 xx 000 0 und d
041 _aeng
082 _a658.4012 SPE
100 _aSPENDER J C
245 _aBUSINESS STRATEGY MANAGING UNCERTAINTY O
260 _c2014
_aUnited Kingdom
_bOxford International
300 _axxiv, : 314 : p. : cm. ; 24
365 _cGBP
_b29
999 _c23209
_d23209